Districts of Uzbekistan - with a map - Statistics

General Stats
  • This quiz has been taken 24 times
  • The average score is 15 of 164
Answers on the Map
Answers color-coded by a green-red scale on the quiz's map according to % correct below.
 
Answer Stats
Answer % Correct
Tashkent
79%
Bukhara
57%
Nukus
57%
Andijon
36%
Fergana
36%
Samarqand
29%
Khiva
21%
Namangan
21%
Asaka
14%
Gurlan
14%
Moynaq
14%
Navbahor
14%
Oltinko'l
14%
Paxtachi
14%
Pop
14%
Qarshi
14%
Qońırat
14%
Sirdaryo
14%
Tomdi
14%
Urganch
14%
Xatirchi
14%
Ámiwdárya
7%
Angor
7%
Arnasoy
7%
Bag'dod
7%
Baliqchi
7%
Bandixon
7%
Baxmal
7%
Bekabad
7%
Beruniy
7%
Beshariq
7%
Bog'ot
7%
Bo'ka
7%
Bo'ston
7%
Bo'stonliq
7%
Boyovut
7%
Boysun
7%
Bozataw
7%
Buloqboshi
7%
Bulung'ur
7%
Buvayda
7%
Chinoz
7%
Chiroqchi
7%
Chortoq
7%
Chust
7%
Dang'ara
7%
Dehqonobod
7%
Denov
7%
Do'stlik
7%
Ellikqala
7%
Forish
7%
Furqat
7%
G'allaorol
7%
G'ijduvon
7%
Guliston
7%
G'uzor
7%
Hazorasp
7%
Ishtixon
7%
Izboskan
7%
Jalaquduq
7%
Jarqo'rg'on
7%
Jomboy
7%
Jondor
7%
Karmana
7%
Kasbi
7%
Kattakurgan
7%
Kegeyli
7%
Kitob
7%
Kogon
7%
Koson
7%
Kosonsoy
7%
Marhamat
7%
Mingbuloq
7%
Mirishkor
7%
Mirzacho'l
7%
Mirzaobod
7%
Muborak
7%
Muzrabot
7%
Narpay
7%
Nishon
7%
Norin
7%
Nurobod
7%
Nurota
7%
Ohangaron
7%
Olot
7%
Oltiariq
7%
Oltinsoy
7%
Oqdaryo
7%
Oqoltin
7%
Oqqo'rg'on
7%
O'rtachirchiq
7%
Parkent
7%
Pastdarg'om
7%
Paxtakor
7%
Paxtaobod
7%
Payariq
7%
Peshku
7%
Piskent
7%
Qamashi
7%
Qanlikól
7%
Qaraózek
7%
Qibray
7%
Qiziltepa
7%
Qiziriq
7%
Qorako'l
7%
Qo'rg'ontepa
7%
Qorovulbozor
7%
Qo'shko'pir
7%
Qo'shrabot
7%
Qo'shtepa
7%
Qumqo'rg'on
7%
Quva
7%
Quyichirchiq
7%
Rishton
7%
Romitan
7%
Sardoba
7%
Sariosiyo
7%
Sayxunobod
7%
Shahrisabz
7%
Shahrixon
7%
Sharof Rashidov
7%
Sherobod
7%
Shimbay
7%
Shofirkon
7%
Sho'rchi
7%
Shovot
7%
Shumanay
7%
So'x
7%
Taqiyatas
7%
Taxtakópir
7%
Termiz
7%
To'raqo'rg'on
7%
Tórtkúl
7%
Toshloq
7%
Toyloq
7%
Uchko'prik
7%
Uchqo'rg'on
7%
Uchquduq
7%
Ulug'nor
7%
Urgut
7%
Uychi
7%
Uzbekistan
7%
Uzun
7%
Vobkent
7%
Xo'jaobod
7%
Xojeli
7%
Xonqa
7%
Xovos
7%
Yakkabog'
7%
Yangiariq
7%
Yangibozor
7%
Yangiobod
7%
Yangiqo'rg'on
7%
Yangiyo'l
7%
Yozyovon
7%
Yuqorichirchiq
7%
Zafarobod
7%
Zangiota
7%
Zarbdor
7%
Zomin
7%
Ko'kdala
0%
Tuproqqalʼa
0%
Xonimek
0%
Yangi Namangan
0%
No matching quizzes found
Score Distribution
Percent of People with Each Score
Percentile by Number Answered
Your Score History
You have not taken this quiz